<?xml version="1.0" encoding="UTF-8"?>
<record
    xmlns:xsi="http://www.w3.org/2001/XMLSchema-instance"
    xsi:schemaLocation="http://www.loc.gov/MARC21/slim http://www.loc.gov/standards/marcxml/schema/MARC21slim.xsd"
    xmlns="http://www.loc.gov/MARC21/slim">

  <leader>00586nam a22001457a 4500</leader>
  <controlfield tag="003">OSt</controlfield>
  <controlfield tag="005">20150905110726.0</controlfield>
  <controlfield tag="008">150905b        xxu||||| |||| 00| 0 eng d</controlfield>
  <datafield tag="040" ind1=" " ind2=" ">
    <subfield code="c">RUA</subfield>
  </datafield>
  <datafield tag="082" ind1=" " ind2=" ">
    <subfield code="a">AGR &#x179F;&#x17BB;&#x1781;&#x200B;&#x200B; 1992 B003 Or.1</subfield>
  </datafield>
  <datafield tag="100" ind1=" " ind2=" ">
    <subfield code="9">14</subfield>
    <subfield code="a">&#x179F;&#x17BB;&#x1781; &#x179C;&#x17C9;&#x17B6;&#x1793;&#x17CB;&#x1790;&#x1793;</subfield>
  </datafield>
  <datafield tag="245" ind1=" " ind2=" ">
    <subfield code="a">&#x179F;&#x17B7;&#x1780;&#x17D2;&#x179F;&#x17B6;&#x17A2;&#x17C6;&#x1796;&#x17B8;&#x1782;&#x17D2;&#x179A;&#x17C4;&#x1784;&#x1780;&#x17B6;&#x179A;&#x179F;&#x17C6;&#x179A;&#x17B6;&#x1794;&#x17CB;&#x179C;&#x17B6;&#x1799;&#x178F;&#x17C6;&#x179B;&#x17C3; &#x1793;&#x17B7;&#x1784;&#x1796;&#x1784;&#x17D2;&#x179A;&#x17B8;&#x1780; &#x1793;&#x179C;&#x17B6;&#x1793;&#x17BB;&#x179C;&#x178F;&#x17D2;&#x178F;&#x1793;&#x17CF;&#x1790;&#x17D2;&#x1798;&#x17B8;&#x1798;&#x17BD;&#x1799;&#x1793;&#x17C5;&#x1780;&#x17D2;&#x1794;&#x17B6;&#x179B;&#x1796;&#x17C4;&#x1792;&#x17B7; &#x1781;&#x17C1;&#x178F;&#x17D2;&#x178F;&#x178F;&#x17B6;&#x1780;&#x17C2;&#x179C;</subfield>
  </datafield>
  <datafield tag="300" ind1=" " ind2=" ">
    <subfield code="a">73p.</subfield>
    <subfield code="b">ill.</subfield>
    <subfield code="c">29cm.</subfield>
  </datafield>
  <datafield tag="942" ind1=" " ind2=" ">
    <subfield code="2">ddc</subfield>
    <subfield code="c">AGR</subfield>
  </datafield>
  <datafield tag="999" ind1=" " ind2=" ">
    <subfield code="c">12</subfield>
    <subfield code="d">12</subfield>
  </datafield>
  <datafield tag="952" ind1=" " ind2=" ">
    <subfield code="0">0</subfield>
    <subfield code="1">0</subfield>
    <subfield code="2">ddc</subfield>
    <subfield code="4">0</subfield>
    <subfield code="6">AGR_&#x179F;&#x17BB;&#x1781;_1992_000000000000000_B003_OR_1</subfield>
    <subfield code="7">0</subfield>
    <subfield code="9">32</subfield>
    <subfield code="a">LBB</subfield>
    <subfield code="b">LBB</subfield>
    <subfield code="c">B003</subfield>
    <subfield code="d">2015-09-05</subfield>
    <subfield code="o">AGR &#x179F;&#x17BB;&#x1781;&#x200B;&#x200B; 1992 B003 Or.1</subfield>
    <subfield code="p">RUA004513</subfield>
    <subfield code="r">2015-09-05</subfield>
    <subfield code="w">2015-09-05</subfield>
    <subfield code="y">AGR</subfield>
  </datafield>
  <datafield tag="952" ind1=" " ind2=" ">
    <subfield code="0">0</subfield>
    <subfield code="1">0</subfield>
    <subfield code="2">ddc</subfield>
    <subfield code="4">0</subfield>
    <subfield code="6">AGR_&#x179F;&#x17BB;&#x1781;_1992_000000000000000_B003_OR_2</subfield>
    <subfield code="7">0</subfield>
    <subfield code="9">33</subfield>
    <subfield code="a">LBB</subfield>
    <subfield code="b">LBB</subfield>
    <subfield code="c">B003</subfield>
    <subfield code="d">2015-09-05</subfield>
    <subfield code="o">AGR &#x179F;&#x17BB;&#x1781;&#x200B;&#x200B; 1992 B003 Or.2</subfield>
    <subfield code="p">RUA004590</subfield>
    <subfield code="r">2015-09-05</subfield>
    <subfield code="w">2015-09-05</subfield>
    <subfield code="y">AGR</subfield>
  </datafield>
  <datafield tag="952" ind1=" " ind2=" ">
    <subfield code="0">0</subfield>
    <subfield code="1">0</subfield>
    <subfield code="2">ddc</subfield>
    <subfield code="4">0</subfield>
    <subfield code="6">AGR_&#x179F;&#x17BB;&#x1781;_1992_000000000000000_B003_OR_3</subfield>
    <subfield code="7">0</subfield>
    <subfield code="9">34</subfield>
    <subfield code="a">LBB</subfield>
    <subfield code="b">LBB</subfield>
    <subfield code="c">B003</subfield>
    <subfield code="d">2015-09-05</subfield>
    <subfield code="o">AGR &#x179F;&#x17BB;&#x1781;&#x200B;&#x200B; 1992 B003 Or.3</subfield>
    <subfield code="p">RUA004591</subfield>
    <subfield code="r">2015-09-05</subfield>
    <subfield code="w">2015-09-05</subfield>
    <subfield code="y">AGR</subfield>
  </datafield>
  <datafield tag="952" ind1=" " ind2=" ">
    <subfield code="0">0</subfield>
    <subfield code="1">0</subfield>
    <subfield code="2">ddc</subfield>
    <subfield code="4">0</subfield>
    <subfield code="6">AGR_&#x179F;&#x17BB;&#x1781;_1992_000000000000000_B003_OR_4</subfield>
    <subfield code="7">0</subfield>
    <subfield code="9">35</subfield>
    <subfield code="a">LBB</subfield>
    <subfield code="b">LBB</subfield>
    <subfield code="c">B003</subfield>
    <subfield code="d">2015-09-05</subfield>
    <subfield code="o">AGR &#x179F;&#x17BB;&#x1781;&#x200B;&#x200B; 1992 B003 Or.4</subfield>
    <subfield code="p">RUA004523</subfield>
    <subfield code="r">2015-09-05</subfield>
    <subfield code="w">2015-09-05</subfield>
    <subfield code="y">AGR</subfield>
  </datafield>
  <datafield tag="952" ind1=" " ind2=" ">
    <subfield code="0">0</subfield>
    <subfield code="1">0</subfield>
    <subfield code="2">ddc</subfield>
    <subfield code="4">0</subfield>
    <subfield code="6">AGR_&#x179F;&#x17BB;&#x1781;_1992_000000000000000_B003_OR_5</subfield>
    <subfield code="7">0</subfield>
    <subfield code="9">36</subfield>
    <subfield code="a">LBB</subfield>
    <subfield code="b">LBB</subfield>
    <subfield code="c">B003</subfield>
    <subfield code="d">2015-09-05</subfield>
    <subfield code="o">AGR &#x179F;&#x17BB;&#x1781;&#x200B;&#x200B; 1992 B003 Or.5</subfield>
    <subfield code="p">RUA004594</subfield>
    <subfield code="r">2015-09-05</subfield>
    <subfield code="w">2015-09-05</subfield>
    <subfield code="y">AGR</subfield>
  </datafield>
  <datafield tag="952" ind1=" " ind2=" ">
    <subfield code="0">0</subfield>
    <subfield code="1">0</subfield>
    <subfield code="2">ddc</subfield>
    <subfield code="4">0</subfield>
    <subfield code="6">AGR_&#x179F;&#x17BB;&#x1781;_1992_000000000000000_B003_OR_6</subfield>
    <subfield code="7">0</subfield>
    <subfield code="9">37</subfield>
    <subfield code="a">LBB</subfield>
    <subfield code="b">LBB</subfield>
    <subfield code="c">B003</subfield>
    <subfield code="d">2015-09-05</subfield>
    <subfield code="o">AGR &#x179F;&#x17BB;&#x1781;&#x200B;&#x200B; 1992 B003 Or.6</subfield>
    <subfield code="p">RUA004518</subfield>
    <subfield code="r">2015-09-05</subfield>
    <subfield code="w">2015-09-05</subfield>
    <subfield code="y">AGR</subfield>
  </datafield>
  <datafield tag="952" ind1=" " ind2=" ">
    <subfield code="0">0</subfield>
    <subfield code="1">0</subfield>
    <subfield code="2">ddc</subfield>
    <subfield code="4">0</subfield>
    <subfield code="6">AGR_&#x179F;&#x17BB;&#x1781;_1992_000000000000000_B003_OR_7</subfield>
    <subfield code="7">0</subfield>
    <subfield code="9">38</subfield>
    <subfield code="a">LBB</subfield>
    <subfield code="b">LBB</subfield>
    <subfield code="c">B003</subfield>
    <subfield code="d">2015-09-05</subfield>
    <subfield code="o">AGR &#x179F;&#x17BB;&#x1781;&#x200B;&#x200B; 1992 B003 Or.7</subfield>
    <subfield code="p">RUA004515</subfield>
    <subfield code="r">2015-09-05</subfield>
    <subfield code="w">2015-09-05</subfield>
    <subfield code="y">AGR</subfield>
  </datafield>
  <datafield tag="952" ind1=" " ind2=" ">
    <subfield code="0">0</subfield>
    <subfield code="1">0</subfield>
    <subfield code="2">ddc</subfield>
    <subfield code="4">0</subfield>
    <subfield code="6">AGR_&#x179F;&#x17BB;&#x1781;_1992_000000000000000_B003_OR_8</subfield>
    <subfield code="7">0</subfield>
    <subfield code="9">39</subfield>
    <subfield code="a">LBB</subfield>
    <subfield code="b">LBB</subfield>
    <subfield code="d">2015-09-05</subfield>
    <subfield code="o">AGR &#x179F;&#x17BB;&#x1781;&#x200B;&#x200B; 1992 B003 Or.8</subfield>
    <subfield code="p">RUA004589</subfield>
    <subfield code="r">2015-09-05</subfield>
    <subfield code="w">2015-09-05</subfield>
    <subfield code="y">AGR</subfield>
  </datafield>
</record>
